Antología del cuento chileno
Uloženo v:
| Hlavní autoři: | , |
|---|---|
| Další autoři: | |
| Médium: | Kniha |
| Jazyk: | španělština |
| Vydáno: |
Santiago
Universitaria
2004
|
| Vydání: | 14a. ed |
| Edice: | Literatura
|
| Témata: | |
| Tagy: |
Přidat tag
Žádné tagy, Buďte první, kdo vytvoří štítek k tomuto záznamu!
|
MARC
| LEADER | 00000cam a2200000 a 4500 | ||
|---|---|---|---|
| 001 | UCK2374 | ||
| 003 | CL-VaPUC | ||
| 008 | 050106e20040000CL |||||||||||||||||spa|d | ||
| 020 | |a 9561115638 | ||
| 082 | 0 | 4 | |a Ch863 |b CAL |2 21 |
| 100 | 0 | |a Calderón, Alfonso |e author |9 490229 | |
| 700 | |a Lastra Salazar, Pedro |e autor |9 589951 | ||
| 700 | 0 | |a Santander, Carlos |e author |9 490230 | |
| 245 | 1 | 0 | |a Antología del cuento chileno |
| 250 | |a 14a. ed | ||
| 300 | |a 374 p | ||
| 942 | |c BK | ||
| 945 | |d 20050106 00:00:00 |a cmena | ||
| 260 | |a Santiago |b Universitaria |c 2004 | ||
| 650 | 0 | |a Cuentos chilenos |9 308280 | |
| 650 | 0 | |a Literatura chilena |9 308278 | |
| 650 | 0 | |a Antologías |9 309836 | |
| 583 | |a last modification |c 20160909 04:48:29 |k Rodrigo Vera | ||
| 490 | 0 | |a Literatura | |
| 999 | |c 311931 |d 311929 | ||